[Event "13. Torneo Pueblo Nuevo IRT"]
[Site "Madrid ESP"]
[Date "2006.11.02"]
[Round "1.1"]
[White "Callejo Hernanz, Jesus Maria"]
[Black "Salgado Lopez, Oscar"]
[Result "0-1"]
[WhiteElo "1834"]
[BlackElo "2199"]
[PlyCount "66"]
[EventDate "2006.11.02"]
[EventType "tourn"]
[EventRounds "9"]
[EventCountry "ESP"]
[Source "lmi"]
[SourceDate "2006.11.02"]

1. d4 d5 2. c4 c6 3. Nf3 Nf6 4. e3 a6 5. Nc3 b5 6. cxb5 axb5 7. Bd2 Bg4 8. Be2
e6 9. Rc1 b4 10. Na4 Ne4 11. b3 Bd6 12. Ne5 Bxe2 13. Qxe2 Ra6 14. Rc2 O-O 15.
O-O c5 16. f3 Nxd2 17. Qxd2 c4 18. Qe2 f6 19. Ng4 Nd7 20. Rxc4 dxc4 21. Qxc4
Qc8 22. Qxe6+ Kh8 23. Qd5 Qc6 24. Qf5 Nb6 25. Nxb6 Rxb6 26. h4 g6 27. Qb1 f5
28. Rc1 Qe8 29. Ne5 Bxe5 30. dxe5 Qxe5 31. Re1 Rd6 32. Re2 Rfd8 33. Kf2 Rd2 0-1

[Event "13. Torneo Pueblo Nuevo IRT"]
[Site "Madrid ESP"]
[Date "2006.11.02"]
[Round "1.2"]
[White "Adekola, Adedeji"]
[Black "Perez Ferris, Miguel"]
[Result "1-0"]
[WhiteElo "2109"]
[BlackElo "1997"]
[PlyCount "63"]
[EventDate "2006.11.02"]
[EventType "tourn"]
[EventRounds "9"]
[EventCountry "ESP"]
[Source "lmi"]
[SourceDate "2006.11.02"]

1. e4 c6 2. d4 d5 3. Nc3 dxe4 4. Nxe4 Nf6 5. Nxf6+ gxf6 6. Bc4 e6 7. Bf4 Nd7 8.
Qd2 Nb6 9. Bb3 h5 10. h4 a5 11. a4 Bb4 12. c3 Be7 13. Ne2 Nd5 14. Bg3 Qb6 15.
Bc4 Bd7 16. O-O Qd8 17. Rfe1 Nb6 18. Bb3 Nd5 19. Nf4 Nxf4 20. Bxf4 Qb6 21. Bd1
O-O-O 22. Bg3 Rdg8 23. Qf4 Kd8 24. Qb8+ Bc8 25. Bf3 Rxg3 26. Qxg3 Qxb2 27. Qg7
Rf8 28. Bxh5 Ke8 29. Qg3 Qd2 30. Qc7 Bd7 31. Qxb7 Qh6 32. Bf3 1-0

[Event "13. Torneo Pueblo Nuevo IRT"]
[Site "Madrid ESP"]
[Date "2006.11.02"]
[Round "1.3"]
[White "Liebana Garcia, Miguel Angel"]
[Black "Tejedo Meneses, Alvaro"]
[Result "0-1"]
[WhiteElo "1816"]
[BlackElo "2022"]
[PlyCount "108"]
[EventDate "2006.11.02"]
[EventType "tourn"]
[EventRounds "9"]
[EventCountry "ESP"]
[Source "lmi"]
[SourceDate "2006.11.02"]

1. Nf3 Nf6 2. d4 g6 3. Bf4 Bg7 4. Nbd2 d5 5. e3 O-O 6. Be2 Nbd7 7. O-O c5 8. c3
b6 9. Ne5 Bb7 10. a4 a6 11. Nb3 Rc8 12. dxc5 bxc5 13. Qc2 Qb6 14. Rfd1 Rfd8 15.
a5 Qa7 16. c4 Qa8 17. Bf3 e6 18. Rd2 Ne4 19. Nxd7 Nxd2 20. Nb6 Nxf3+ 21. gxf3
Qa7 22. Nxc8 Rxc8 23. cxd5 e5 24. Bg3 Bxd5 25. e4 Be6 26. Rc1 c4 27. Nd2 Qc5
28. Qc3 Qb5 29. Rc2 g5 30. h4 h6 31. hxg5 hxg5 32. Qe3 f6 33. Qb6 Kf7 34. Qxb5
axb5 35. b3 c3 36. Nc4 bxc4 37. b4 Bf8 38. b5 Rc5 39. a6 Rxb5 40. Ra2 Rb8 41.
f4 exf4 42. Bh2 Bc5 43. Kg2 Ra8 44. f3 Bc8 45. Bg1 Bxg1 46. Kxg1 Rxa6 47. Rc2
Ra3 48. Kf2 Ke6 49. Ke2 Ke5 50. Rc1 Bd7 51. Kf1 Ba4 52. Kg2 c2 53. Kh3 Rxf3+
54. Kg4 Kxe4 0-1

[Event "13. Torneo Pueblo Nuevo IRT"]
[Site "Madrid ESP"]
[Date "2006.11.02"]
[Round "1.4"]
[White "Gormaz Lietor, Andres Miguel"]
[Black "Vukotic Jovsic, Dragan"]
[Result "1-0"]
[WhiteElo "1791"]
[BlackElo "2075"]
[PlyCount "54"]
[EventDate "2006.11.02"]
[EventType "tourn"]
[EventRounds "9"]
[EventCountry "ESP"]
[Source "lmi"]
[SourceDate "2006.11.02"]

1. e4 c5 2. Nf3 d6 3. d4 cxd4 4. Nxd4 Nf6 5. Nc3 g6 6. Be2 Bg7 7. Be3 O-O 8. h4
h5 9. Qd2 Nc6 10. Nb3 a5 11. f3 a4 12. Nd4 a3 13. b3 Qa5 14. Nxc6 bxc6 15.
O-O-O Ng4 16. Bd4 Bh6 17. f4 e5 18. Bxg4 Bxg4 19. Be3 exf4 20. Bd4 Bxd1 21.
Rxd1 Rfe8 22. g3 f5 23. exf5 Qxf5 24. Rf1 c5 25. gxf4 cxd4 26. Nb5 Qxb5 27. Rg1
Qf5 1-0

[Event "13. Torneo Pueblo Nuevo IRT"]
[Site "Madrid ESP"]
[Date "2006.11.02"]
[Round "1.5"]
[White "Labarta Gonzalez, Ivan B"]
[Black "Martinez Garcia, Felipe"]
[Result "1/2-1/2"]
[WhiteElo "2156"]
[BlackElo "2028"]
[PlyCount "36"]
[EventDate "2006.11.02"]
[EventType "tourn"]
[EventRounds "9"]
[EventCountry "ESP"]
[Source "lmi"]
[SourceDate "2006.11.02"]

1. d4 Nf6 2. c4 e6 3. Nf3 d5 4. Bg5 Nbd7 5. cxd5 exd5 6. Nc3 c6 7. e3 Be7 8.
Bd3 Nh5 9. Bxe7 Qxe7 10. O-O g6 11. e4 dxe4 12. d5 O-O 13. Bxe4 cxd5 14. Bxd5
Ndf6 15. Re1 Qb4 16. Bb3 Bg4 17. Qd4 Qxd4 18. Nxd4 Rad8 1/2-1/2

[Event "13. Torneo Pueblo Nuevo IRT"]
[Site "Madrid ESP"]
[Date "2006.11.06"]
[Round "2.1"]
[White "Salgado Lopez, Oscar"]
[Black "Martinez Garcia, Felipe"]
[Result "1/2-1/2"]
[WhiteElo "2199"]
[BlackElo "2028"]
[PlyCount "48"]
[EventDate "2006.11.02"]
[EventType "tourn"]
[EventRounds "9"]
[EventCountry "ESP"]
[Source "lmi"]
[SourceDate "2006.11.02"]

1. Nf3 Nf6 2. c4 e6 3. g3 d5 4. Bg2 c5 5. O-O Nc6 6. cxd5 Nxd5 7. Nc3 Be7 8. d3
O-O 9. a3 Kh8 10. e4 Nxc3 11. bxc3 e5 12. Be3 Bg4 13. h3 Bh5 14. Qc2 Rc8 15. g4
Bg6 16. Rfd1 f6 17. Qb2 Rc7 18. Nh4 Rd7 19. Qe2 Bf7 20. Nf5 Bb3 21. Rd2 g6 22.
Ng3 Qa5 23. Rb2 Bg8 24. Qc2 c4 1/2-1/2

[Event "13. Torneo Pueblo Nuevo IRT"]
[Site "Madrid ESP"]
[Date "2006.11.07"]
[Round "2.2"]
[White "Vukotic Jovsic, Dragan"]
[Black "Labarta Gonzalez, Ivan B"]
[Result "0-1"]
[WhiteElo "2075"]
[BlackElo "2156"]
[PlyCount "94"]
[EventDate "2006.11.02"]
[EventType "tourn"]
[EventRounds "9"]
[EventCountry "ESP"]
[Source "lmi"]
[SourceDate "2006.11.02"]

1. d4 Nf6 2. e3 g6 3. f4 Bg7 4. Nf3 d6 5. Bc4 O-O 6. O-O Nfd7 7. c3 Nc6 8. f5
Nb6 9. Bd3 e5 10. fxe6 Bxe6 11. e4 Bg4 12. h3 Bxf3 13. Qxf3 Qd7 14. Nd2 Rae8
15. a4 a5 16. Bb5 Ra8 17. Nc4 Nxc4 18. Bxc4 Na7 19. Bg5 c6 20. h4 b5 21. axb5
Nxb5 22. h5 Nc7 23. Bf6 Bxf6 24. Qxf6 d5 25. exd5 cxd5 26. Bd3 Qe6 27. Qf4 Qd7
28. Rae1 Rfe8 29. Qf6 Re6 30. Qg5 Rxe1 31. Rxe1 Re8 32. Rxe8+ Nxe8 33. Qe5 f6
34. Qg3 g5 35. Qe3 Kg7 36. Qe2 Nc7 37. g4 Qe6 38. Qf2 Ne8 39. Bf5 Qe7 40. Bc2
Nd6 41. Kh2 Ne4 42. Qf5 Qd6+ 43. Kg2 Qg3+ 44. Kf1 Qh3+ 45. Kg1 Qe3+ 46. Kg2
Qd2+ 47. Kg1 Qc1+ 0-1

[Event "13. Torneo Pueblo Nuevo IRT"]
[Site "Madrid ESP"]
[Date "2006.11.07"]
[Round "2.3"]
[White "Tejedo Meneses, Alvaro"]
[Black "Gormaz Lietor, Andres Miguel"]
[Result "1-0"]
[WhiteElo "2022"]
[BlackElo "1791"]
[PlyCount "41"]
[EventDate "2006.11.02"]
[EventType "tourn"]
[EventRounds "9"]
[EventCountry "ESP"]
[Source "lmi"]
[SourceDate "2006.11.02"]

1. e4 d5 2. exd5 Qxd5 3. Nc3 Qa5 4. d4 Bf5 5. Nf3 Nf6 6. Bd2 Nbd7 7. Bc4 c6 8.
O-O Qc7 9. b4 Nb6 10. Bb3 e6 11. Ne2 Bd6 12. c4 Nbd7 13. c5 Be7 14. Bf4 Qd8 15.
Ng3 Bg4 16. h3 Bxf3 17. Qxf3 Nd5 18. Bxd5 cxd5 19. Nh5 g6 20. Ng7+ Kf8 21.
Nxe6+ 1-0

[Event "13. Torneo Pueblo Nuevo IRT"]
[Site "Madrid ESP"]
[Date "2006.11.07"]
[Round "2.4"]
[White "Perez Ferris, Miguel"]
[Black "Liebana Garcia, Miguel Angel"]
[Result "1-0"]
[WhiteElo "1997"]
[BlackElo "1816"]
[PlyCount "145"]
[EventDate "2006.11.02"]
[EventType "tourn"]
[EventRounds "9"]
[EventCountry "ESP"]
[Source "lmi"]
[SourceDate "2006.11.02"]

1. d4 d5 2. c4 c6 3. Nc3 Nf6 4. Nf3 g6 5. Bf4 Bg7 6. e3 O-O 7. Bd3 Nbd7 8. O-O
Qa5 9. cxd5 Nxd5 10. Nxd5 Qxd5 11. e4 Qa5 12. e5 Nb6 13. Bd2 Qd5 14. Qc2 Bg4
15. Be4 Qd7 16. Bc3 f5 17. exf6 exf6 18. h3 f5 19. hxg4 fxe4 20. Qxe4 Rae8 21.
Ne5 Qe6 22. f3 Nd5 23. Rfe1 Qc8 24. Qc2 Kh8 25. Nd3 Rf6 26. Ne5 Rfe6 27. Re4 c5
28. Nf7+ Kg8 29. Rxe6 Qxe6 30. Ne5 cxd4 31. Nd3 dxc3 32. bxc3 Qe2 33. Qb3 Qxd3
34. Rd1 Qxc3 35. Qxd5+ Kh8 36. Kf1 Qe3 37. Qd7 Qe2+ 38. Kg1 Qe7 39. Qxe7 Rxe7
40. Rd8+ Bf8 41. Rxf8+ Kg7 42. Rb8 b6 43. Kf2 Rc7 44. a4 Kf6 45. Ra8 a5 46. Rb8
Rc6 47. Ke3 g5 48. g3 Ke5 49. f4+ gxf4+ 50. gxf4+ Kd5 51. Rd8+ Kc5 52. g5 Kb4
53. Rd7 h6 54. Rd4+ Kc5 55. Rd1 Re6+ 56. Kf3 hxg5 57. f5 Re8 58. Rb1 Rg8 59.
Kg4 Kc6 60. Re1 b5 61. Re6+ Kd5 62. axb5 Rb8 63. Rg6 Rxb5 64. Rxg5 Rb4+ 65. Kh5
a4 66. Kg6 a3 67. f6+ Ke6 68. f7 Rb8 69. Kg7 Rb7 70. Rg6+ Kf5 71. Ra6 a2 72.
Rxa2 Ke6 73. Ra6+ 1-0

[Event "13. Torneo Pueblo Nuevo IRT"]
[Site "Madrid ESP"]
[Date "2006.11.09"]
[Round "2.5"]
[White "Callejo Hernanz, Jesus Maria"]
[Black "Adekola, Adedeji"]
[Result "0-1"]
[WhiteElo "1834"]
[BlackElo "2109"]
[PlyCount "76"]
[EventDate "2006.11.02"]
[EventType "tourn"]
[EventRounds "9"]
[EventCountry "ESP"]
[Source "lmi"]
[SourceDate "2006.11.02"]

1. Nf3 c5 2. e4 Nc6 3. d3 g6 4. g3 Bg7 5. Bg2 Nf6 6. O-O O-O 7. Re1 b6 8. Nbd2
Bb7 9. Nf1 d6 10. Qe2 Nd7 11. Ne3 Nd4 12. Nxd4 cxd4 13. Nc4 b5 14. Nd2 Rc8 15.
Nf3 Qc7 16. c3 dxc3 17. bxc3 Bxc3 18. Bh6 Bxe1 19. Rxe1 Rfe8 20. Qb2 Qc3 21.
Qxb5 Ne5 22. Rb1 Bc6 23. Qa6 Qxd3 24. Qxd3 Nxd3 25. Bf1 Nc5 26. Rb4 Bxe4 27.
Nd2 Bc6 28. Rh4 Bd5 29. a3 Rb8 30. Rd4 Be6 31. Nf3 Rb3 32. Ng5 Rxa3 33. Rh4 Ra4
34. f4 Bf5 35. g4 Rxf4 36. h3 f6 37. Nxh7 Rxf1+ 38. Kxf1 Bd3+ 0-1

[Event "13. Torneo Pueblo Nuevo IRT"]
[Site "Madrid ESP"]
[Date "2006.11.07"]
[Round "3.1"]
[White "Adekola, Adedeji"]
[Black "Salgado Lopez, Oscar"]
[Result "1/2-1/2"]
[WhiteElo "2109"]
[BlackElo "2199"]
[PlyCount "50"]
[EventDate "2006.11.02"]
[EventType "tourn"]
[EventRounds "9"]
[EventCountry "ESP"]
[Source "lmi"]
[SourceDate "2006.11.02"]

1. e4 c5 2. Nf3 e6 3. d4 cxd4 4. Nxd4 a6 5. c4 Nf6 6. Qc2 Qc7 7. Be2 Nc6 8.
Nxc6 dxc6 9. O-O e5 10. Bg5 h6 11. Bxf6 gxf6 12. c5 Be6 13. Nd2 Rd8 14. b4 Be7
15. Rfd1 O-O 16. Nf1 Rxd1 17. Rxd1 Rd8 18. Ng3 Rxd1+ 19. Bxd1 Qd8 20. a3 Qd4
21. Ne2 Qa1 22. Qc1 Qxc1 23. Nxc1 f5 24. exf5 Bxf5 25. Kf1 Kf8 1/2-1/2

[Event "13. Torneo Pueblo Nuevo IRT"]
[Site "Madrid ESP"]
[Date "2006.11.24"]
[Round "3.2"]
[White "Liebana Garcia, Miguel Angel"]
[Black "Callejo Hernanz, Jesus Maria"]
[Result "1-0"]
[WhiteElo "1816"]
[BlackElo "1834"]
[PlyCount "85"]
[EventDate "2006.11.02"]
[EventType "tourn"]
[EventRounds "9"]
[EventCountry "ESP"]
[Source "lmi"]
[SourceDate "2006.11.02"]

1. Nf3 Nf6 2. d4 c5 3. c3 e6 4. Bf4 d5 5. e3 Be7 6. Nbd2 Nc6 7. Be2 O-O 8. h3
Re8 9. O-O Bf8 10. Qc2 g6 11. Rfd1 Bg7 12. dxc5 e5 13. Bg5 Qc7 14. e4 Be6 15.
exd5 Bxd5 16. Bxf6 Bxf6 17. Ne4 Bxe4 18. Qxe4 Red8 19. Rxd8+ Rxd8 20. Rd1 Kg7
21. b4 a6 22. Rxd8 Qxd8 23. Bxa6 Qc7 24. Bc4 Ne7 25. a4 Nc6 26. Qd5 h6 27. b5
Na5 28. b6 Qe7 29. Bb5 e4 30. Nd4 e3 31. f3 e2 32. Nxe2 Qe3+ 33. Kf1 Be5 34. f4
Bf6 35. Bc4 Nxc4 36. Qxc4 Kf8 37. c6 Bh4 38. Qd4 Qe6 39. Qh8+ Ke7 40. Qe5 Kd8
41. c7+ Kc8 42. Qh8+ Kd7 43. c8=Q+ 1-0

[Event "13. Torneo Pueblo Nuevo IRT"]
[Site "Madrid ESP"]
[Date "2006.11.09"]
[Round "3.3"]
[White "Gormaz Lietor, Andres Miguel"]
[Black "Perez Ferris, Miguel"]
[Result "0-1"]
[WhiteElo "1791"]
[BlackElo "1997"]
[PlyCount "56"]
[EventDate "2006.11.02"]
[EventType "tourn"]
[EventRounds "9"]
[EventCountry "ESP"]
[Source "lmi"]
[SourceDate "2006.11.02"]

1. d4 f5 2. c4 Nf6 3. Nc3 e6 4. Bg5 c6 5. a3 d5 6. e3 Be7 7. Bxf6 Bxf6 8. Nf3
O-O 9. Bd3 a6 10. c5 Qe8 11. Na4 Nd7 12. O-O g6 13. Qc2 Rb8 14. Rac1 e5 15.
dxe5 Nxe5 16. Nxe5 Qxe5 17. Rcd1 f4 18. exf4 Qxf4 19. Rde1 Be5 20. g3 Qf6 21.
f4 Bd4+ 22. Kg2 Bf5 23. Bxf5 gxf5 24. Nc3 Rbe8 25. Qd2 Bxc5 26. Nxd5 Qd8 27.
Ne7+ Bxe7 28. Qxd8 Bxd8 0-1

[Event "13. Torneo Pueblo Nuevo IRT"]
[Site "Madrid ESP"]
[Date "2006.11.15"]
[Round "3.4"]
[White "Labarta Gonzalez, Ivan B"]
[Black "Tejedo Meneses, Alvaro"]
[Result "1-0"]
[WhiteElo "2156"]
[BlackElo "2022"]
[PlyCount "101"]
[EventDate "2006.11.02"]
[EventType "tourn"]
[EventRounds "9"]
[EventCountry "ESP"]
[Source "lmi"]
[SourceDate "2006.11.02"]

1. d4 Nf6 2. c4 g6 3. Nc3 d5 4. Nf3 Bg7 5. Bg5 dxc4 6. e3 Be6 7. Ne5 Nd5 8.
Nxc4 O-O 9. e4 Nxc3 10. bxc3 c5 11. Be3 b5 12. Ne5 Qa5 13. Qd2 Rd8 14. f4 f6
15. Nf3 Nc6 16. Be2 Rab8 17. Rd1 f5 18. e5 cxd4 19. cxd4 Qxa2 20. Qc3 Qa5 21.
Qxa5 Nxa5 22. d5 Bxd5 23. Bxa7 Rb7 24. Bc5 e6 25. Nd4 Rc8 26. Bb4 Nc6 27. Nxb5
Rxb5 28. Bxb5 Nxb4 29. O-O Rc2 30. Rf2 Bf8 31. Rxc2 Nxc2 32. h3 Bxg2 33. Rd2
Be4 34. Bc4 Bc5+ 35. Kh2 Nd4 36. Rb2 h5 37. Kg3 Kf7 38. Rb8 Nc6 39. Rc8 Be7 40.
Rc7 Nb4 41. Ra7 Bd5 42. Bb5 Nc2 43. Rc7 Nd4 44. Bd3 Ke8 45. Ra7 Kd8 46. Ba6 Ke8
47. Rc7 Kf8 48. Bd3 Nc6 49. Bb5 Nd8 50. Rc8 Kf7 51. Rc7 1-0

[Event "13. Torneo Pueblo Nuevo IRT"]
[Site "Madrid ESP"]
[Date "2006.11.09"]
[Round "3.5"]
[White "Martinez Garcia, Felipe"]
[Black "Vukotic Jovsic, Dragan"]
[Result "1-0"]
[WhiteElo "2028"]
[BlackElo "2075"]
[PlyCount "137"]
[EventDate "2006.11.02"]
[EventType "tourn"]
[EventRounds "9"]
[EventCountry "ESP"]
[Source "lmi"]
[SourceDate "2006.11.02"]

1. c3 d5 2. d4 Nf6 3. Bf4 Bf5 4. e3 Nbd7 5. Bd3 Bxd3 6. Qxd3 c5 7. Nd2 Qb6 8.
b3 e6 9. Ngf3 Bd6 10. Ne5 O-O 11. Nxd7 Nxd7 12. Bxd6 Qxd6 13. O-O e5 14. Rad1
cxd4 15. cxd4 e4 16. Qe2 Rac8 17. Rc1 Qa3 18. Rxc8 Rxc8 19. Nb1 Qb4 20. Qb2 Nb8
21. Rc1 Rc6 22. h3 a6 23. a3 Qd6 24. Rxc6 Qxc6 25. Qc3 f5 26. b4 Nd7 27. Qxc6
bxc6 28. Nc3 Kf7 29. Na4 Ke6 30. f4 exf3 31. gxf3 g5 32. Kf2 h5 33. Kg3 h4+ 34.
Kf2 Kf6 35. Kg2 Kg6 36. Kf2 Kf7 37. e4 fxe4 38. fxe4 dxe4 39. Ke3 Nf6 40. Nc5
Ke7 41. Nxe4 Nd5+ 42. Kf3 Nb6 43. Nc5 Nc4 44. a4 a5 45. bxa5 Nxa5 46. Kg4 Kf6
47. Ne4+ Ke6 48. Nc3 Nb3 49. Kxg5 Nxd4 50. a5 c5 51. Kxh4 Kf5 52. a6 Nc6 53.
Nb5 c4 54. a7 Nxa7 55. Nxa7 c3 56. Nb5 c2 57. Nd4+ Kg6 58. Nxc2 Kh6 59. Nd4 Kg6
60. Ne2 Kh6 61. Nf4 Kh7 62. Kg5 Kg7 63. h4 Kh7 64. Ne6 Kg8 65. Kg6 Kh8 66. h5
Kg8 67. h6 Kh8 68. Nd8 Kg8 69. h7+ 1-0

[Event "13. Torneo Pueblo Nuevo IRT"]
[Site "Madrid ESP"]
[Date "2006.11.14"]
[Round "4.1"]
[White "Salgado Lopez, Oscar"]
[Black "Vukotic Jovsic, Dragan"]
[Result "1-0"]
[WhiteElo "2199"]
[BlackElo "2075"]
[PlyCount "57"]
[EventDate "2006.11.02"]
[EventType "tourn"]
[EventRounds "9"]
[EventCountry "ESP"]
[Source "lmi"]
[SourceDate "2006.11.02"]

1. e4 e6 2. d4 d5 3. e5 c5 4. c3 Qb6 5. Nf3 Bd7 6. a3 Nc6 7. b4 c4 8. Bf4 a5 9.
Nbd2 axb4 10. axb4 Rxa1 11. Qxa1 Qa7 12. Qb2 Qa4 13. Be2 Nxb4 14. O-O Qa2 15.
Rb1 Ba4 16. Qc1 Qc2 17. cxb4 Qxc1+ 18. Rxc1 Bxb4 19. Nxc4 dxc4 20. Rxc4 Bb5 21.
Rxb4 Bxe2 22. Rxb7 Bxf3 23. gxf3 h6 24. Bd2 f6 25. d5 exd5 26. e6 g5 27. Bb4
Kd8 28. Rb8+ Kc7 29. e7 1-0

[Event "13. Torneo Pueblo Nuevo IRT"]
[Site "Madrid ESP"]
[Date "2006.11.14"]
[Round "4.2"]
[White "Tejedo Meneses, Alvaro"]
[Black "Martinez Garcia, Felipe"]
[Result "1/2-1/2"]
[WhiteElo "2022"]
[BlackElo "2028"]
[PlyCount "70"]
[EventDate "2006.11.02"]
[EventType "tourn"]
[EventRounds "9"]
[EventCountry "ESP"]
[Source "lmi"]
[SourceDate "2006.11.02"]

1. e4 e5 2. Nf3 Nc6 3. Bb5 Nd4 4. Nxd4 exd4 5. Bc4 d6 6. d3 Nf6 7. Bg5 Be6 8.
Nd2 h6 9. Bh4 Be7 10. Bxe6 fxe6 11. Bxf6 Bxf6 12. Qh5+ Kd7 13. f4 Qe8 14. Qh3
Qe7 15. Nf3 Rae8 16. O-O-O Kd8 17. g3 Rhg8 18. Qg2 Kc8 19. Rde1 e5 20. h4 Qf7
21. Qh3+ Kb8 22. Kb1 g5 23. fxg5 hxg5 24. Qf5 gxh4 25. gxh4 Ref8 26. Reg1 b6
27. b3 Rh8 28. Rg3 Rh5 29. Qg4 Rfh8 30. Kb2 Qe7 31. Rgh3 Kb7 32. a3 a6 33. Qg3
R8h7 34. Qg4 Rh8 35. a4 a5 1/2-1/2

[Event "13. Torneo Pueblo Nuevo IRT"]
[Site "Madrid ESP"]
[Date "2006.11.14"]
[Round "4.4"]
[White "Callejo Hernanz, Jesus Maria"]
[Black "Gormaz Lietor, Andres Miguel"]
[Result "0-1"]
[WhiteElo "1834"]
[BlackElo "1791"]
[PlyCount "52"]
[EventDate "2006.11.02"]
[EventType "tourn"]
[EventRounds "9"]
[EventCountry "ESP"]
[Source "lmi"]
[SourceDate "2006.11.02"]

1. d4 d5 2. c4 c6 3. Nf3 Nf6 4. e3 e6 5. Qc2 Nbd7 6. Nbd2 Bd6 7. Bd3 O-O 8. O-O
h6 9. e4 dxe4 10. Nxe4 Nxe4 11. Bxe4 Nf6 12. Bd3 Re8 13. Re1 Qc7 14. Ne5 c5 15.
Qc3 Rd8 16. Be3 b6 17. Rad1 Bb7 18. f3 a5 19. Bf2 cxd4 20. Bxd4 Bb4 21. Qb3
Bxe1 22. Bxb6 Qxe5 23. Bxd8 Bxf3 24. Bh7+ Kxh7 25. Bxf6 Bxd1 26. Qd3+ Qf5 0-1

[Event "13. Torneo Pueblo Nuevo IRT"]
[Site "Madrid ESP"]
[Date "2006.11.14"]
[Round "4.5"]
[White "Adekola, Adedeji"]
[Black "Liebana Garcia, Miguel Angel"]
[Result "1-0"]
[WhiteElo "2109"]
[BlackElo "1816"]
[PlyCount "129"]
[EventDate "2006.11.02"]
[EventType "tourn"]
[EventRounds "9"]
[EventCountry "ESP"]
[Source "lmi"]
[SourceDate "2006.11.02"]

1. e4 c6 2. d4 d5 3. Nc3 dxe4 4. Nxe4 Nd7 5. Nf3 Ngf6 6. Ng3 Qc7 7. Bc4 g6 8.
O-O Bg7 9. Qe2 Nb6 10. Bb3 Bg4 11. Bxf7+ Kxf7 12. Ne5+ Kf8 13. Nxg4 Nxg4 14.
Qxg4 Kf7 15. Bf4 Qd7 16. Qxd7 Nxd7 17. c3 Rhe8 18. Rfe1 e5 19. dxe5 Bxe5 20.
Bxe5 Nxe5 21. Rad1 Re7 22. Ne4 h6 23. Nd6+ Kf6 24. b3 b6 25. f4 Nd7 26. Kf2 Nc5
27. Rxe7 Kxe7 28. b4 Ne6 29. f5 Rd8 30. f6+ Kxf6 31. Ne4+ Ke5 32. Rxd8 Nxd8 33.
Ke3 Kd5 34. Kd3 Ne6 35. g3 Ke5 36. a4 a6 37. Nd2 b5 38. axb5 axb5 39. Nf3+ Kf5
40. Nd4+ Nxd4 41. Kxd4 Kg4 42. Kc5 Kh3 43. Kxc6 Kxh2 44. Kd5 Kxg3 45. c4 bxc4
46. Kxc4 h5 47. b5 h4 48. b6 h3 49. b7 h2 50. b8=Q+ Kg2 51. Qb2+ Kg1 52. Qc1+
Kg2 53. Qd2+ Kg1 54. Qd1+ Kg2 55. Qg4+ Kf2 56. Qh3 Kg1 57. Qg3+ Kh1 58. Kd3 g5
59. Ke2 g4 60. Qe1+ Kg2 61. Qf1+ Kg3 62. Qh1 Kh3 63. Kf1 g3 64. Qg2+ Kg4 65.
Qe2+ 1-0

[Event "13. Torneo Pueblo Nuevo IRT"]
[Site "Madrid ESP"]
[Date "2006.11.16"]
[Round "5.2"]
[White "Gormaz Lietor, Andres Miguel"]
[Black "Adekola, Adedeji"]
[Result "1-0"]
[WhiteElo "1791"]
[BlackElo "2109"]
[PlyCount "77"]
[EventDate "2006.11.02"]
[EventType "tourn"]
[EventRounds "9"]
[EventCountry "ESP"]
[Source "lmi"]
[SourceDate "2006.11.02"]

1. Nf3 Nf6 2. c4 d6 3. d4 g6 4. Nc3 Bg7 5. e4 O-O 6. Be2 Nc6 7. O-O e5 8. d5
Ne7 9. c5 dxc5 10. Qc2 Nd7 11. Be3 b6 12. Rfd1 Bb7 13. a4 Nc8 14. a5 Nd6 15. a6
Bc8 16. Bb5 Qe7 17. Bc6 Rb8 18. Nb5 Nf6 19. Nxa7 Bd7 20. Bxd7 Qxd7 21. Nxe5 Qe8
22. Nec6 Qxe4 23. Qxe4 Nfxe4 24. Nxb8 Rxb8 25. Nc6 Ra8 26. f3 Nf6 27. Bf4 Nd7
28. Bxd6 cxd6 29. a7 Bxb2 30. Ra2 Bf6 31. f4 Kf8 32. Re1 c4 33. Rae2 Ne5 34.
fxe5 Bxe5 35. Rxe5 dxe5 36. Rb1 Ke8 37. Rxb6 Kd7 38. Rb8 Rxa7 39. Nxa7 1-0

[Event "13. Torneo Pueblo Nuevo IRT"]
[Site "Madrid ESP"]
[Date "2006.11.16"]
[Round "5.3"]
[White "Labarta Gonzalez, Ivan B"]
[Black "Callejo Hernanz, Jesus Maria"]
[Result "1-0"]
[WhiteElo "2156"]
[BlackElo "1834"]
[PlyCount "57"]
[EventDate "2006.11.02"]
[EventType "tourn"]
[EventRounds "9"]
[EventCountry "ESP"]
[Source "lmi"]
[SourceDate "2006.11.02"]

1. e4 c5 2. Nc3 e6 3. Nf3 Nc6 4. d4 cxd4 5. Nxd4 Bb4 6. Ndb5 a6 7. Nd6+ Bxd6 8.
Qxd6 Qe7 9. Qg3 Qf6 10. a3 Nge7 11. Bd3 Ng6 12. h4 h6 13. Be3 b5 14. Bc5 Qe5
15. Qxe5 Ncxe5 16. O-O-O Bb7 17. Bf1 Rc8 18. Bd4 f6 19. Rh3 Nf4 20. Rg3 Nh5 21.
Re3 g5 22. hxg5 hxg5 23. Rh3 Ke7 24. g3 Nf3 25. Be3 g4 26. Rh1 Ng7 27. Bc5+
Rxc5 28. Rxh8 e5 29. Rh7 1-0

[Event "13. Torneo Pueblo Nuevo IRT"]
[Site "Madrid ESP"]
[Date "2006.11.16"]
[Round "5.4"]
[White "Martinez Garcia, Felipe"]
[Black "Perez Ferris, Miguel"]
[Result "1-0"]
[WhiteElo "2028"]
[BlackElo "1997"]
[PlyCount "53"]
[EventDate "2006.11.02"]
[EventType "tourn"]
[EventRounds "9"]
[EventCountry "ESP"]
[Source "lmi"]
[SourceDate "2006.11.02"]

1. e4 d5 2. exd5 Nf6 3. d4 Bg4 4. Be2 Bxe2 5. Nxe2 Qxd5 6. O-O Nc6 7. c4 Qd7 8.
d5 Nb8 9. Qb3 c5 10. dxc6 Nxc6 11. Nbc3 e6 12. Bf4 e5 13. Rad1 Qc8 14. Bg3 Be7
15. Nd5 h5 16. h3 Ne4 17. Nxe7 Kxe7 18. Qe3 Nxg3 19. Nxg3 Rh6 20. Qc5+ Ke8 21.
Ne4 b6 22. Nd6+ Kf8 23. Qa3 Qe6 24. Nf5+ Kg8 25. Nxh6+ gxh6 26. Rd6 Qxc4 27.
Rxh6 1-0

[Event "13. Torneo Pueblo Nuevo IRT"]
[Site "Madrid ESP"]
[Date "2006.11.16"]
[Round "5.5"]
[White "Vukotic Jovsic, Dragan"]
[Black "Tejedo Meneses, Alvaro"]
[Result "1/2-1/2"]
[WhiteElo "2075"]
[BlackElo "2022"]
[PlyCount "115"]
[EventDate "2006.11.02"]
[EventType "tourn"]
[EventRounds "9"]
[EventCountry "ESP"]
[Source "lmi"]
[SourceDate "2006.11.02"]

1. d4 Nf6 2. Nf3 g6 3. Bf4 Bg7 4. Nbd2 d5 5. e3 O-O 6. Bd3 Nbd7 7. h3 c5 8. c3
b6 9. O-O Bb7 10. Qe2 Re8 11. Ne5 Nxe5 12. Bxe5 Bh6 13. f4 e6 14. Bxf6 Qxf6 15.
Nf3 Qe7 16. g4 f5 17. Bb5 Red8 18. Ba6 Rac8 19. Bxb7 Qxb7 20. a4 Rd6 21. g5 Bg7
22. h4 a6 23. Ra2 Kf7 24. Kg2 Rdd8 25. h5 Ra8 26. Rh1 Rh8 27. a5 c4 28. h6 Bf8
29. Ne5+ Ke8 30. axb6 Qxb6 31. Rha1 Bd6 32. Nxc4 dxc4 33. Qxc4 Ke7 34. Rxa6
Rxa6 35. Rxa6 Qb7+ 36. Kg3 Ra8 37. Rxa8 Qxa8 38. Qe2 Qh1 39. Qg2 Qe1+ 40. Qf2
Qc1 41. Kg2 Kd7 42. Qe2 Kc7 43. Kf2 Kd8 44. c4 Bxf4 45. exf4 Qxf4+ 46. Ke1 Qc1+
47. Kf2 Qf4+ 48. Ke1 Qh4+ 49. Kf1 Qh1+ 50. Kf2 Qh2+ 51. Ke1 Qh4+ 52. Kd1 Qxd4+
53. Qd2 Qxd2+ 54. Kxd2 e5 55. b4 Kc7 56. Ke3 Kc6 57. b5+ Kc5 58. Kd3 1/2-1/2

[Event "13. Torneo Pueblo Nuevo IRT"]
[Site "Madrid ESP"]
[Date "2006.11.21"]
[Round "6.2"]
[White "Perez Ferris, Miguel"]
[Black "Vukotic Jovsic, Dragan"]
[Result "0-1"]
[WhiteElo "1997"]
[BlackElo "2075"]
[PlyCount "66"]
[EventDate "2006.11.02"]
[EventType "tourn"]
[EventRounds "9"]
[EventCountry "ESP"]
[Source "lmi"]
[SourceDate "2006.11.02"]

1. e4 c5 2. Nf3 d6 3. d4 cxd4 4. Nxd4 Nf6 5. Nc3 g6 6. Be3 Bg7 7. f3 O-O 8. Qd2
Nc6 9. Bc4 Bd7 10. O-O-O Rc8 11. Bb3 Ne5 12. Kb1 Nc4 13. Bxc4 Rxc4 14. g4 b5
15. h4 b4 16. Nd5 Nxd5 17. exd5 e5 18. Nc6 Bxc6 19. dxc6 Rxc6 20. h5 Qa5 21.
hxg6 fxg6 22. Qh2 Ra6 23. Qxh7+ Kf7 24. Rh6 Qxa2+ 25. Kc1 d5 26. f4 Rh8 27.
Qxh8 Bxh8 28. Rxh8 d4 29. Bf2 Qa1+ 30. Kd2 Qxb2 31. fxe5 Qc3+ 32. Ke2 Qxc2+ 33.
Rd2 Qe4+ 0-1